Movies Without Magic Quiz Stats

 Plays Quiz Updated Aug 8, 2017

Support Sporcle.
Go Orange.
Score 0/20 Timer 05:00
0 Plays Today
% Correct
Snow White and the Seven Dwarfs
87.9%
Star Wars: Episode IV - A New Hope
80.9%
Groundhog Day
80.9%
Ghostbusters
80.8%
Toy Story
80.5%
The Princess Bride
79.4%
Beauty and the Beast
78.8%
The Terminator
76.9%
E.T. the Extra-Terrestrial
74.6%
Back to the Future
74.2%
% Correct
Miracle on 34th Street
70.4%
Twilight
67.6%
How to Train Your Dragon
67.2%
The Thing
66.3%
Looper
65.2%
The Evil Dead
62%
Donnie Darko
60.2%
The Fifth Element
59.2%
Pan's Labyrinth
57.6%
The Seventh Seal
47.7%

You're not logged in!

Compare scores with friends on all Sporcle quizzes.
OR
Log In
Forgot?

From the Vault

Remove Ads.
Support Sporcle.
Get the best of Sporcle when you Go Orange. This ad-free experience offers more features, more stats, and more fun while also helping to support Sporcle. Thank you for becoming a member.

Show Comments

Extras

Top Quizzes Today


Score Distribution

Your Account Isn't Verified!

In order to create a playlist on Sporcle, you need to verify the email address you used during registration. Go to your Sporcle Settings to finish the process.

Report this User

Report this user for behavior that violates our Community Guidelines.

Details: